
Library Catalogue

| 000 -LEADER | |
|---|---|
| fixed length control field | 00708cam a2200229 i 4500 |
| 005 - DATE AND TIME OF LATEST TRANSACTION | |
| control field | 20260407135550.0 |
| 008 - FIXED-LENGTH DATA ELEMENTS--GENERAL INFORMATION | |
| fixed length control field | 121129s2013 ii b 001 0 eng |
| 010 ## - LIBRARY OF CONGRESS CONTROL NUMBER | |
| LC control number | 2012047864 |
| 020 ## - INTERNATIONAL STANDARD BOOK NUMBER | |
| International Standard Book Number | 9788132110095 (hbk) |
| 020 ## - INTERNATIONAL STANDARD BOOK NUMBER | |
| International Standard Book Number | 8132110099 (hbk) |
| 082 00 - DEWEY DECIMAL CLASSIFICATION NUMBER | |
| Classification number | 330 GAN |
| 100 1# - MAIN ENTRY--PERSONAL NAME | |
| Personal name | Gangopadhyay, Shubhashish, |
| 245 10 - TITLE STATEMENT | |
| Title | Law and economics, volumes 1-2 / |
| Statement of responsibility, etc. | Shubhashis Gangopadhyay and V. Santhakumar. |
| 264 #1 - PRODUCTION, PUBLICATION, DISTRIBUTION, MANUFACTURE, AND COPYRIGHT NOTICE | |
| Place of production, publication, distribution, manufacture | New Delhi : |
| Name of producer, publisher, distributor, manufacturer | SAGE Publications, |
| Date of production, publication, distribution, manufacture, or copyright notice | 2013 |
| 300 ## - PHYSICAL DESCRIPTION | |
| Extent | 2 v. ; |
| Dimensions | 22 cm |
| 505 0# - FORMATTED CONTENTS NOTE | |
| Formatted contents note | volume 1. Theory -- <br/>volume 2. Practice. |
| 650 #0 - SUBJECT ADDED ENTRY--TOPICAL TERM | |
| Topical term or geographic name entry element | Law |
| General subdivision | Economic aspects |
| Geographic subdivision | India. |
| 650 #0 - SUBJECT ADDED ENTRY--TOPICAL TERM | |
| Topical term or geographic name entry element | Law and economics. |
| 650 #0 - SUBJECT ADDED ENTRY--TOPICAL TERM | |
| Topical term or geographic name entry element | Legal Economics. |
| 700 1# - ADDED ENTRY--PERSONAL NAME | |
| Personal name | Santhakumar, V. |
| 942 ## - ADDED ENTRY ELEMENTS (KOHA) | |
| Source of classification or shelving scheme | Dewey Decimal Classification |
| Koha item type | BOOKs |
| Withdrawn status | Lost status | Source of classification or shelving scheme | Damaged status | Not for loan | Home library | Current library | Shelving location | Date acquired | Cost, normal purchase price | Total Checkouts | Full call number | Barcode | Date last seen | Date last checked out | Price effective from | Koha item type | Public note |
|---|---|---|---|---|---|---|---|---|---|---|---|---|---|---|---|---|---|
| Dewey Decimal Classification | . | . | General Stacks | 30.05.2017 | 1500.00 | 1 | 330 GAN-I | 33776 | 03.01.2020 | 27.12.2019 | 30.05.2017 | BOOKs | Price for the entire Set of Volumes | ||||
| Dewey Decimal Classification | . | . | General Stacks | 30.05.2017 | 1500.00 | 1 | 330 GAN-II | 33777 | 14.01.2023 | 07.01.2023 | 30.05.2017 | BOOKs | Price for the entire Set of Volumes |